Score 0/20 Timer 03:00
3 Plays Today
% Correct
Jackson
94.9%
Tyson
94.5%
Jordan
94.2%
Phelps
93.9%
Douglas
87.8%
Bloomberg
86.5%
Schumacher
78.3%
Crichton
78.2%
Caine
76.3%
Johnson
73.4%
% Correct
Richards
73%
Flatley
70.3%
Landon
68.3%
Faraday
61.1%
Stipe
60.5%
Palin
53.6%
Hutchence
50.9%
Collins
50.3%
Gambon
48.4%
York
41.2%
Remove Ads.
Support Sporcle.
Get the best of Sporcle when you Go Orange. This ad-free experience offers more features, more stats, and more fun while also helping to support Sporcle. Thank you for becoming a member.

You're not logged in!

Compare scores with friends on all Sporcle quizzes.
OR
Log In

Show Comments

Extras

Top Quizzes Today


Score Distribution

Your Account Isn't Verified!

In order to create a playlist on Sporcle, you need to verify the email address you used during registration. Go to your Sporcle Settings to finish the process.

Report this User

Report this user for behavior that violates our Community Guidelines.

Details: